| 000 | 01120cam a22002531i 4500 | ||
|---|---|---|---|
| 003 | SA-RiAUC | ||
| 005 | 20241015065121.0 | ||
| 008 | 241013s2003 le g 000 0 ara c | ||
| 040 |
_aJO-AmJU _bara _cSA-RiAUC _erda |
||
| 082 | 0 | 4 |
_a081 _qSA-RiAUC |
| 090 |
_a081 _bج م ي |
||
| 100 | 1 |
_aجميل العظم، جميل بن مصطفى بن محمد حافظ، _cبك، _d1873-1933 _eمؤلف. |
|
| 245 | 1 | 2 |
_aالمسارعة إلى قيد أوابد المطالعة : _bالتذكرة الصغرى / _cجميل بن مصطفى العظم ؛ تحقيق رمزي سعد الدين دمشقية. |
| 250 | _aالطبعة الأولى. | ||
| 264 | 1 |
_aبيروت : _bدار البشائر الإسلامية، _c2003 |
|
| 300 |
_a208 صفحة ؛ _c24 سم |
||
| 336 |
_aنص _btxt _2rdacontent _3كتاب |
||
| 337 |
_aبدون وسيط _bn _2rdamedia |
||
| 338 |
_aمجلد _bnc _2rdacarrier |
||
| 650 | 7 |
_aالمقالات العربية _zسوريا _yقرن 20 _2aucsh |
|
| 700 | 1 |
_aدمشقية، رمزي سعد الدين، _d1918-2002 _eمحقق. |
|
| 942 |
_2ddc _cBOOK _n0 |
||
| 949 |
_aSA-JeALM _d241013 _umohamedma123 _n1 |
||
| 999 |
_c1325 _d1325 |
||